Manifestaciones cutáneas de la diabetes / (Registro nro. 339)

Detalles MARC
000 -LEADER
fixed length control field 01355 am a2200373 a 4500
005 - FECHA ULTIMA MODIFICACION
control field 20240227134506.0
008 - CAMPO DE CONTROL (LIBRO)
fixed length control field 100603s1996||||ag a f |||| 001 0 spa d
020 ## - INTERNATIONAL STANDARD BOOK NUMBER
ISBN S/N
041 ## - CODIGO DE IDIOMA
Código de idioma del texto/pista de sonido o título separado spa
092 ## - SIGNATURA TOPOGRAFICA DEWEY LOCAL
número de clasificación 616.5
libristica 10
sección CAB
100 1# - ENTRADA PRINCIPAL--NOMBRE PERSONAL
Nombre personal Cabo, Horacio.
9 (RLIN) 1261
245 ## - TITULO PROPIAMENTE DICHO
Título Manifestaciones cutáneas de la diabetes /
Mención de responsabilidad y remanente de la transcripción de la portada Horacio Cabo.
250 ## - MENCION DE EDICION
Mención de edición 1a ed.
260 ## - PIE DE IMPRENTA
Lugar de publicación, distribución, etc Buenos Aires:
Nombre de la editorial, distribuidor, etc Ediciones Héctor A. Macchi;
Fecha de publicación 1996.
300 ## - DESCRIPCION FISICA
Extension 320 p.
500 ## - NOTA GENERAL
Nota general Cabo, H. (1996). Manifestaciones cutáneas de la diabetes. (1a ed.). Buenos Aires : Ediciones Héctor A. Macchi.
653 ## - TÉRMINO INDIZADO - PALABRAS CLAVES
Palabra clave Diabetes Mellitus. Consideraciones generales
653 ## - TÉRMINO INDIZADO - PALABRAS CLAVES
Palabra clave Introducción a las manifestaciones cutáneas
653 ## - TÉRMINO INDIZADO - PALABRAS CLAVES
Palabra clave Marcadores cutáneos de la diabetes
653 ## - TÉRMINO INDIZADO - PALABRAS CLAVES
Palabra clave Síndrome de engrosamiento cutáneo en diabetes mellitus
653 ## - TÉRMINO INDIZADO - PALABRAS CLAVES
Palabra clave Infecciones cutáneas
653 ## - TÉRMINO INDIZADO - PALABRAS CLAVES
Palabra clave Dermatosis asociadas a la diabetes
653 ## - TÉRMINO INDIZADO - PALABRAS CLAVES
Palabra clave Manifestaciones cutáneas del tratamiento antidiabético
653 ## - TÉRMINO INDIZADO - PALABRAS CLAVES
Palabra clave Cambios ungurales asociados a la diabetes mellitus
653 ## - TÉRMINO INDIZADO - PALABRAS CLAVES
Palabra clave Vasculopatía diabética
653 ## - TÉRMINO INDIZADO - PALABRAS CLAVES
Palabra clave Neuropatía diabética
653 ## - TÉRMINO INDIZADO - PALABRAS CLAVES
Palabra clave Tratamiento del muñon post-quirúrgico
653 ## - TÉRMINO INDIZADO - PALABRAS CLAVES
Palabra clave Resistencia a la insulina
653 ## - TÉRMINO INDIZADO - PALABRAS CLAVES
Palabra clave Pie diabético
653 ## - TÉRMINO INDIZADO - PALABRAS CLAVES
Palabra clave Tratamiento de la diabetes
930 ## - NUMERO DE INVENTARIO
Número de inventario 1730
930 ## - NUMERO DE INVENTARIO
Número de inventario 1731
942 ## - ADDED ENTRY ELEMENTS (KOHA)
Source of classification or shelving scheme Dewey Decimal Classification
Item type Libros
Existencias
Estado de retiro Existencia Estado general No para prestamo Ubicación permanente ubicación actual Sala de ubicación Fecha de adquisición Total Checkouts Número de clasificación Código de barras Date last seen Número de ejemplar Price effective from Koha tipo de elemento (item)
        Biblioteca Medicina Biblioteca Medicina Circulación 13/05/2011   616.5 10 CAB 1730 06/11/2014 ej.1 13/05/2011 Libros
        Biblioteca Medicina Biblioteca Medicina Circulación 13/05/2011   616.5 10 CAB 1731 06/11/2014 ej.2 13/05/2011 Libros

UNIVERSIDAD NACIONAL DEL COMAHUE
Biblioteca de la Facultad de Ciencias Médicas
Sede Toschi: Los Arrayanes y Av. Toschi, Cipolletti  - Rio Negro
Sede Los Tordos:  Yrigoyen al 2211, Cipolletti - Rio Negro 

Teléfono: 0299 - 4774707 int 25
Contacto: biblioteca@facimed.uncoma.edu.ar
© 2011 - 2026